| 000 | 00758nam a2200229Ia 4500 | ||
|---|---|---|---|
| 003 | 0100 | ||
| 008 | 130307s9999 xx 000 0 und d | ||
| 020 | _a0521662060 | ||
| 040 | _cARRUPELIB | ||
| 050 | _aB2430.L484C177 2002 | ||
| 245 | 4 | _aThe Cambridge companion to Levinas | |
| 260 | _aCambridge ; New York | ||
| 260 | _bCambridge University Press | ||
| 260 | _c2002 | ||
| 300 | _axxx | ||
| 300 | _b292 p. 24 cm. | ||
| 440 | _aCambridge companions | ||
| 650 | _aPHILOSOPHY | ||
| 700 | _aCritchley, Simon ; Bernasconi, Robert. (ed.) | ||
| 856 | _uhttp://www.loc.gov/catdir/samples/cam034/2003275832.html ;http://www.loc.gov/catdir/description/cam032/2003275832.html ;http://www.loc.gov/catdir/toc/cam032/2003275832.html | ||
| 942 | 0 | 0 | _030 |
| 999 |
_c93856 _d93856 |
||